Ethics and professionalism /

Bibliographic Details
Main Author: Kultgen, John H.
Format: Book
Language:English
Published: Philadelphia : University of Pennsylvania Press, 1988.
Subjects:

MARC

Tag First Indicator Second Indicator Subfields
LEADER 00000cam a2200000 a 4500
001 in00000017212
005 20151007053419.0
008 870914s1988 pau b 00110 eng
010 |a  87026569  
020 |a 0812280946 
020 |a 0812212630 (pbk.) 
035 |a (OCoLC)16832367 
035 |9 AAB1569AM 
040 |a DLC  |c DLC  |d TXA  |d UtOrBLW 
049 |a TXAM  |c [A11466444] 
050 0 0 |a BJ1725  |b .K84 1988 
082 0 |a 174  |2 19 
100 1 |a Kultgen, John H. 
245 1 0 |a Ethics and professionalism /  |c John Kultgen. 
264 1 |a Philadelphia :  |b University of Pennsylvania Press,  |c 1988. 
300 |a xii, 394 pages ;  |c 24 cm. 
336 |a text  |b txt  |2 rdacontent 
337 |a unmediated  |b n  |2 rdamedia 
338 |a volume  |b nc  |2 rdacarrier 
504 |a Bibliography: pages [375]-383. 
500 |a Includes indexes. 
650 0 |a Professional ethics. 
999 |a MARS 
999 f f |s 18ace558-1a0b-3719-b5bb-21986475078d  |i da3926a2-9baf-30e2-b232-de27e681364e  |t 0 
952 f f |p ric  |a Texas A&M University  |b Rellis Campus  |c Joint Library Facility  |d Remote Storage  |t 0  |e BJ1725 .K84 1988  |h Library of Congress classification  |i unmediated -- volume  |m A14811466444 
998 f f |a BJ1725 .K84 1988  |t 0  |l Remote Storage